Pacto Andino desarrollo nacional e integración andina /

Saved in:
Bibliographic Details
Main Author: Torini, Ernesto
Corporate Author: Instituto de Estudios Peruanos
Other Authors: Blanco de Iturbe, Eglés, Caballero, Carlos, Iguiñez, Javier, Machicado, Carlos, Moncada, José María, Morales, Juan Antonio, Vega Centeno, Máximo
Format: Text
Published: Lima: Talleres de Industrial Gráfica
Tags: Add Tag
No Tags, Be the first to tag this record!

MARC

LEADER 00000 a a2200000 04500
001 22238
003
040
090 |a 150500  
100 |a Torini, Ernesto  
110 |a Instituto de Estudios Peruanos  
245 |a Pacto Andino desarrollo nacional e integración andina /  |c Ernesto Torini 
260 |a Lima:   |b Talleres de Industrial Gráfica  
300 |a 265 p  
300 |b **no definido**  
700 |a Blanco de Iturbe, Eglés  
700 |a Caballero, Carlos  
700 |a Iguiñez, Javier  
700 |a Machicado, Carlos  
700 |a Moncada, José María  
700 |a Morales, Juan Antonio  
700 |a Vega Centeno, Máximo  
999 |c 9719  |d 9719